000 01223nam a2200301Ia 4500
999 _c5709
_d5709
003 OSt
005 20200605165326.0
008 191128s1992 ck ad gr 000 0 spa d
020 _a9684518854
040 _aCO-JMCR
_cCO-JMCR
041 1 _aspa
_heng
082 0 4 _a330.1 /
_bS182m
_223
100 1 _aSalvatore, Dominick,
_eautor
_95077
245 1 0 _aMicroeconomía /
_cDominick Salvatore ; traductor Julio Coro Pando ; revisión técnica Agustín Cue Mancera
250 _aTercera edición
260 _aBogotá :
_bMcGraw-Hill,
_c1992
300 _axi, 436 páginas :
_bgráficos a blanco y negro ;
_c23 cm.
500 _aIncluye índice páginas 431-436.
505 _aDemanda, oferta y equilibrio: panorama general -- La medida de las elasticidades -- Teoría de la demanda del consumidor -- Temas avanzados en la teoría de la demanda del consumidor -- Teoría de la producción
534 _pSchaum's outline of microeconomic theory
546 _aTraducido del inglés
650 1 4 _aMicroeconomía
_95086
650 2 4 _aEconomía
_95087
650 2 4 _aTeoría económica
_95088
700 1 _aCoro Pando, Julio,
_etraductor
_95089
700 1 _aCue Mancera, Agustín,
_e revisor
_95090
942 _2ddc
_cBK